Berenstain Bears (The)/ : (Record no. 102391)
[ view plain ]
| 000 -LEADER | |
|---|---|
| fixed length control field | 00772nam a2200217 a 4500 |
| 005 - DATE AND TIME OF LATEST TRANSACTION | |
| control field | 20140412111235.0 |
| 008 - FIXED-LENGTH DATA ELEMENTS--GENERAL INFORMATION | |
| fixed length control field | 010530s19uu xx 00 eng d |
| 020 ## - INTERNATIONAL STANDARD BOOK NUMBER | |
| International Standard Book Number | 0-394-80565-8 |
| 050 ## - LIBRARY OF CONGRESS CALL NUMBER | |
| Classification number | ER |
| Item number | Be35Gh 1988 |
| 100 ## - MAIN ENTRY--PERSONAL NAME | |
| Personal name | Berenstain, Stan |
| 245 ## - TITLE STATEMENT | |
| Title | Berenstain Bears (The)/ : |
| Statement of responsibility, etc | Stan & Jan Berenstain. |
| Remainder of title | and the Ghost of the forest / |
| 260 ## - PUBLICATION, DISTRIBUTION, ETC. (IMPRINT) | |
| Place of publication, distribution, etc | New York : |
| Name of publisher, distributor, etc | Random House, |
| Date of publication, distribution, etc | 1988. |
| 300 ## - PHYSICAL DESCRIPTION | |
| Extent | 1v. (unp.) ; ill. |
| 440 ## - SERIES STATEMENT/ADDED ENTRY--TITLE | |
| Title | A First Time Readers |
| 520 ## - SUMMARY, ETC. | |
| Summary, etc | Papa Bear's attempt to share a band of young campers by telling them about ghosts in the woods comes to an unexpected conclusion with a double ghost lesson. |
| 650 ## - SUBJECT ADDED ENTRY--TOPICAL TERM | |
| Topical term or geographic name as entry element | Ghosts-Fiction |
| 650 ## - SUBJECT ADDED ENTRY--TOPICAL TERM | |
| Topical term or geographic name as entry element | Camping-Fiction |
| 650 ## - SUBJECT ADDED ENTRY--TOPICAL TERM | |
| Topical term or geographic name as entry element | Bears-Fiction |
| 650 ## - SUBJECT ADDED ENTRY--TOPICAL TERM | |
| Topical term or geographic name as entry element | Stories in rhyme |
| Withdrawn status | Lost status | Damaged status | Use restrictions | Home library | Current library | Shelving location | Date acquired | Source of acquisition | Cost, normal purchase price | Total Checkouts | Full call number | Barcode | Date last seen | Price effective from | Koha item type |
|---|---|---|---|---|---|---|---|---|---|---|---|---|---|---|---|
| Elizalde Library | Elizalde Library | Easy Reading Section | 05/30/2001 | 119.50 | ER Be35Gh 1988 | E1590 | 04/12/2014 | 04/12/2014 | Books |